Click to Translate - Gagauz - Statistics

General Stats
  • This quiz has been taken 242 times
  • The average score is 13 of 20
Answer Stats
Hint Answer % Correct
apple alma
96%
water suu
92%
hundred üz
91%
house ev
89%
wine şarap
87%
time vakıt
86%
child uşak
85%
tree aaç
83%
high üüsek
83%
white biyaz
81%
truth dooruluk
79%
book kiyat
79%
annoyed dargın
68%
grass ot
63%
strong kaavi
40%
groom güvä
32%
cellar maaza
21%
boss / owner çorbacı
19%
clean kırnak
17%
last / final bitki
7%
No matching quizzes found
Score Distribution
Percent of People with Each Score
Percentile by Number Answered
Your Score History
You have not taken this quiz